Podvojné účtovníctvo Súvislý mesačný príklad a koncoročná uzávierka
Salvato in:
| Autore principale: | |
|---|---|
| Altri autori: | |
| Natura: | Libro |
| Lingua: | slovacco |
| Pubblicazione: |
Žilina
HERMES
1993
|
| Edizione: | 1. vyd. |
| Soggetti: | |
| Tags: |
Nessun Tag, puoi essere il primo ad aggiungerne!!
|
MARC
| LEADER | 00000nam a2200000 4500 | ||
|---|---|---|---|
| 001 | c005333 | ||
| 005 | 20221214083638.7 | ||
| 020 | |a 80-85446-16-6 | ||
| 041 | 0 | |a slo | |
| 044 | |a SK | ||
| 245 | 1 | 0 | |a Podvojné účtovníctvo |b Súvislý mesačný príklad a koncoročná uzávierka |c Eva Hladká, Štefan Nižňanský |
| 250 | |a 1. vyd. | ||
| 264 | 1 | |a Žilina |b HERMES |c 1993 | |
| 300 | |a 32 s. | ||
| 610 | 2 | 0 | |a účtovníctvo podvojné |
| 610 | 2 | 0 | |a denníky účtovné |
| 610 | 2 | 0 | |a výkazy účtovné |
| 610 | 2 | 0 | |a prípady účtovné |
| 610 | 2 | 0 | |a poradenstvo |
| 610 | 2 | 0 | |a informácie |
| 100 | 1 | |a Hladká, Eva | |
| 700 | 1 | |a Nižňanský, Štefan | |